00259nam a2200097 a 450000500170000000800410001724500510005826000220010999900170013104000130014820200930075932.0120131s1889 000 spa d 3aLa enseñanza de la historia en las escuelas. aBarcelona,c1889. c36276d36276 aDO-SdBNP